Представление документа в формате MARC21

Поле Инд. ПП Название Значение
Тип записи m
Библиографический уровень m
001 Контрольный номер RU/LIBMSTU/392981396
005 Дата корректировки 20250317121600.5
008 Кодируемые данные 121117|||||||||ru |||||||||||||||||rus||
040 b Код языка каталог. rus
041 0_ a Код языка текста rus
084 a Индекс другой классификации/Индекс ББК 94+87.3(2)6+87.22
090 x Авторский знак Ш 19
100 1_ a Автор Шамрина О. П.
245 10 a Заглавие Познание в философском наследии П. А. Флоренского и А. Ф. Лосева: антропный принцип
b Продолж. заглавия автореф. дис. ... канд. филос. наук : 09.00.03
c Ответственность ФГБОУ ВПО "Мурман. гос. техн. ун-т"
h Физич. носитель Электронный ресурс
256 a Характеристики компьютерного файла Электрон. текстовые дан. (1 файл : 255 Кб)
260 a Место издания Мурманск
c Дата издания 2011
500 a Примечание URL: https://mstu.mauniver.ru/science/diss/k307_09_01/files/shamrina.pdf
500 a Примечание Загл. с экрана
500 a Примечание Имеется печ. аналог 2011 г.
583 x Служебное примечание Полнотекстовые документы
x Служебное примечание Труды преподавателей МГТУ
600 14 a Персоналии Флоренский П. А., русский православный священник
600 34 a Персоналии Лосев А. Ф., философ
650 04 a Основная рубрика Русская философия-История, 19-20 вв.-Авторефераты диссертаций
650 14 a Основная рубрика Гносеология-Авторефераты диссертаций
653 0_ a Ключевые слова Авторефераты диссертаций; Гносеология; История русской философии; Мифосимволизм; Познание; Электронные версии
a Ключевые слова Труды преподавателей МГТУ
856 40 u URL https://mstu.mauniver.ru/science/diss/k307_09_01/files/shamrina.pdf
901 t Тип документа r